[Event "GER-chT Federal Cup (Women)"]
[Site "Braunfels"]
[Date "2010.06.04"]
[Round "3"]
[White "Specht, Maria"]
[Black "Nekrasova, Kateryna"]
[Result "1/2-1/2"]
[WhiteElo "1936"]
[BlackElo "1799"]
[PlyCount "80"]
[EventDate "2010.06.03"]
[EventType "team-swiss"]
[EventRounds "5"]
[EventCountry "GER"]
[SourceTitle "CBM 136 Extra"]
[Source "ChessBase"]
[SourceDate "2010.07.02"]
[SourceVersion "2"]
[SourceVersionDate "2010.07.15"]
[SourceQuality "1"]

1. d4 d5 2. e3 e6 3. Bd3 Nf6 4. Nd2 c5 5. c3 Nc6 6. Ngf3 Bd6 7. Qe2 0-0 8. 0-0 Qc7 9. h3 b6 10. e4 dxe4 11. Nxe4 Nxe4 12. Qxe4 f5 13. Qh4 e5 14. Bc4+ Kh8 15. Ng5 h6 16. Qh5 f4 17. Qg6 Bf5 18. Nf7+ Rxf7 19. Qxf7 Qxf7 20. Bxf7 exd4 21. cxd4 Nxd4 22. Bd2 Rf8 23. Bh5 f3 24. Bc3 Ne2+ 25. Kh1 fxg2+ 26. Kxg2 Nf4+ 27. Kg1 Nxh5 28. Rad1 Bc7 29. Rfe1 Nf4 30. Re7 Ne6 31. Rdd7 Bd8 32. Rf7 Rxf7 33. Rxf7 Bxh3 34. Rxa7 Kg8 35. Be5 Bf5 36. Rd7 h5 37. Bxg7 Nxg7 38. Rxd8+ Kf7 39. Rb8 Ne6 40. Rxb6 Ke7 1/2-1/2

[Event "GER-ch U25 op"]
[Site "Willingen"]
[Date "2009.06.02"]
[Round "5"]
[White "Nekrasova, Kateryna"]
[Black "Plumbaum, Nadja"]
[Result "1/2-1/2"]
[WhiteElo "1833"]
[BlackElo "1667"]
[PlyCount "78"]
[EventDate "2009.05.30"]
[EventType "swiss"]
[EventRounds "9"]
[EventCountry "GER"]
[SourceTitle "EXT 2010"]
[Source "ChessBase"]
[SourceDate "2010.11.25"]
[SourceVersion "1"]
[SourceVersionDate "2010.11.25"]
[SourceQuality "1"]

1. e4 c5 2. Nf3 Nc6 3. d4 cxd4 4. Nxd4 Nf6 5. Nc3 d6 6. Bg5 e6 7. Bb5 Bd7 8. Bxc6 Bxc6 9. Nxc6 bxc6 10. Qf3 Be7 11. e5 Nd5 12. Bxe7 Qxe7 13. exd6 Qxd6 14. 0-0 0-0 15. Ne4 Qb4 16. b3 Rad8 17. c4 Ne7 18. Rfd1 Nf5 19. Rd3 Nd4 20. Nf6+ Kh8 21. Qh5 h6 22. Rh3 Qe7 23. Ne4 Rd7 24. Re1 Rfd8 25. g4 Kg8 26. g5 Nf5 27. Kh1 Rd3 28. gxh6 Rxh3 29. h7+ Kh8 30. Qxh3 Nh6 31. Rg1 Rd4 32. Qg2 g6 33. c5 Qh4 34. Nd6 Rg4 35. Nxf7+ Kxh7 36. Qf3 Rf4 37. Qd3 Rxf7 38. Rxg6 Nf5 39. Rxe6 Qd4 1/2-1/2

[Event "GER-chT Lands U20"]
[Site "Dresden"]
[Date "2008.11.18"]
[Round "7.6"]
[White "Nekrasova, Kateryna"]
[Black "Schreiber, Kevin"]
[Result "1/2-1/2"]
[WhiteElo "1721"]
[BlackElo "1587"]
[PlyCount "61"]
[EventDate "2008.11.14"]
[EventType "team-swiss"]
[EventRounds "7"]
[EventCountry "GER"]
[SourceTitle "EXT 2010"]
[Source "ChessBase"]
[SourceDate "2010.11.25"]
[SourceVersion "1"]
[SourceVersionDate "2010.11.25"]
[SourceQuality "1"]
[WhiteTeam "Berlin"]
[BlackTeam "Mecklenburg Vorpommern"]
[WhiteTeamCountry "GER"]
[BlackTeamCountry "GER"]

1. e4 c5 2. Nf3 e6 3. d4 cxd4 4. Nxd4 Nc6 5. Nc3 Qc7 6. a3 a6 7. Be3 Nf6 8. Be2 Be7 9. 0-0 0-0 10. f4 Bc5 11. Qd2 b5 12. e5 Ne8 13. Kh1 Qb6 14. Rad1 Bb7 15. Bf3 Rd8 16. Ne4 Bxd4 17. Bxd4 Nxd4 18. Qxd4 Qxd4 19. Rxd4 Bxe4 20. Bxe4 d5 21. exd6 Nxd6 22. Rfd1 Nxe4 23. Rxd8 Nf2+ 24. Kg1 Nxd1 25. Rxd1 Rc8 26. c3 h5 27. Rd4 Rc6 28. Kf2 g6 29. Ke3 Kg7 30. Ke4 Kf6 31. g3 1/2-1/2

[Event "GER-chT Lands U20"]
[Site "Dresden"]
[Date "2008.11.17"]
[Round "6.6"]
[White "Nieber, Alexander"]
[Black "Nekrasova, Kateryna"]
[Result "1/2-1/2"]
[WhiteElo "1824"]
[BlackElo "1721"]
[PlyCount "81"]
[EventDate "2008.11.14"]
[EventType "team-swiss"]
[EventRounds "7"]
[EventCountry "GER"]
[SourceTitle "EXT 2010"]
[Source "ChessBase"]
[SourceDate "2010.11.25"]
[SourceVersion "1"]
[SourceVersionDate "2010.11.25"]
[SourceQuality "1"]
[WhiteTeam "Sachsen Anhalt"]
[BlackTeam "Berlin"]
[WhiteTeamCountry "GER"]
[BlackTeamCountry "GER"]

1. d4 d5 2. c4 dxc4 3. e4 Nf6 4. Nc3 Nc6 5. d5 Ne5 6. f4 Nd3+ 7. Bxd3 cxd3 8. Qxd3 e6 9. Qb5+ Qd7 10. dxe6 fxe6 11. Qc4 a6 12. Nf3 b5 13. Qe2 Bb7 14. Ne5 Qc8 15. 0-0 b4 16. Na4 Nxe4 17. Qh5+ Ke7 18. Ng6+ hxg6 19. Qxh8 Kf7 20. Qh3 Qd7 21. b3 Be7 22. Be3 Rd8 23. Nb2 Nc3 24. Nc4 Qd5 25. Ne5+ Kg8 26. Nxg6 Kf7 27. Nxe7 Kxe7 28. Rae1 Rf8 29. f5 Rxf5 30. Rxf5 Qxf5 31. Qg3 Kd8 32. Qh4+ Ke8 33. Qxb4 Qd5 34. Qg4 Kf7 35. Rf1+ Kg8 36. Qh3 Nxa2 37. Bf2 Nc3 38. Be3 Qe4 39. Bd2 Qd4+ 40. Kh1 Qd5 41. Qg4 1/2-1/2

[Event "Berlin Lichtenberger op 7th"]
[Site "Berlin"]
[Date "2008.08.24"]
[Round "9"]
[White "Nekrasova, Kateryna"]
[Black "Fiedler, Wolfgang2222"]
[Result "1/2-1/2"]
[WhiteElo "1788"]
[BlackElo "1992"]
[PlyCount "47"]
[EventDate "2008.08.16"]
[EventType "swiss"]
[EventRounds "9"]
[EventCountry "GER"]
[SourceTitle "CBM 126 Extra"]
[Source "ChessBase"]
[SourceDate "2008.11.05"]
[SourceVersion "1"]
[SourceVersionDate "2008.11.05"]
[SourceQuality "1"]

1. e4 d5 2. exd5 Nf6 3. d4 Nxd5 4. Bc4 g6 5. Nf3 Bg7 6. c3 0-0 7. 0-0 Nc6 8. Bb3 Bg4 9. h3 Bxf3 10. Qxf3 e6 11. Nd2 Qd7 12. Ne4 h6 13. Nc5 Qc8 14. Bxd5 exd5 15. Qxd5 Rd8 16. Qf3 Rd6 17. Bf4 Rf6 18. Qg3 Rf5 19. Rfe1 b6 20. Ne4 Rb5 21. Bc1 Ne7 22. Qd3 Rd5 23. Qc4 Qd7 24. Ng3 1/2-1/2

[Event "Berlin Lichtenberger op 7th"]
[Site "Berlin"]
[Date "2008.08.22"]
[Round "7"]
[White "Nekrasova, Kateryna"]
[Black "Knopf, Roland"]
[Result "1/2-1/2"]
[WhiteElo "1788"]
[BlackElo "1949"]
[PlyCount "50"]
[EventDate "2008.08.16"]
[EventType "swiss"]
[EventRounds "9"]
[EventCountry "GER"]
[SourceTitle "CBM 126 Extra"]
[Source "ChessBase"]
[SourceDate "2008.11.05"]
[SourceVersion "1"]
[SourceVersionDate "2008.11.05"]
[SourceQuality "1"]

1. e4 e5 2. Nf3 d6 3. d4 exd4 4. Nxd4 Nf6 5. Nc3 Be7 6. Be2 0-0 7. 0-0 Nc6 8. Bf4 Re8 9. Nxc6 bxc6 10. e5 dxe5 11. Bxe5 Bd6 12. Bd4 c5 13. Be3 Rb8 14. Rb1 c6 15. Bf3 Qc7 16. h3 Ba6 17. Re1 Rbd8 18. Qc1 Bc4 19. b3 Bd5 20. Nxd5 cxd5 21. Bg5 Rxe1+ 22. Qxe1 Be5 23. Bxf6 Bxf6 24. Bxd5 g6 25. Rd1 Bd4 1/2-1/2

[Event "Berlin Lichtenberger op 7th"]
[Site "Berlin"]
[Date "2008.08.17"]
[Round "2"]
[White "Nekrasova, Kateryna"]
[Black "Poseck, Steffen"]
[Result "1/2-1/2"]
[WhiteElo "1788"]
[BlackElo "2107"]
[PlyCount "58"]
[EventDate "2008.08.16"]
[EventType "swiss"]
[EventRounds "9"]
[EventCountry "GER"]
[SourceTitle "CBM 126 Extra"]
[Source "ChessBase"]
[SourceDate "2008.11.05"]
[SourceVersion "1"]
[SourceVersionDate "2008.11.05"]
[SourceQuality "1"]

1. e4 c5 2. Nf3 e6 3. d4 cxd4 4. Nxd4 Nf6 5. Nc3 d6 6. Be3 a6 7. Bd3 Qc7 8. 0-0 Be7 9. a3 b5 10. Qf3 Bb7 11. Qg3 g6 12. Bh6 Nbd7 13. Nb3 Ne5 14. Nd2 Rc8 15. f4 Nc4 16. Bxc4 bxc4 17. Kh1 Rg8 18. Qh3 Qa5 19. Rae1 Qh5 20. Qxh5 Nxh5 21. Nf3 Nf6 22. h3 Nd7 23. Ng5 Bf8 24. Bxf8 Nxf8 25. Rd1 Ke7 26. Rd4 h6 27. Nf3 Nh7 28. Rfd1 Rc6 29. Ne5 dxe5 1/2-1/2

[Event "GER-ch U18 Girls"]
[Site "Willingen"]
[Date "2008.05.16"]
[Round "8"]
[White "Nekrasova, Kateryna"]
[Black "Stroessner, Lena"]
[Result "0-1"]
[WhiteElo "1784"]
[BlackElo "1895"]
[PlyCount "86"]
[EventDate "2008.05.11"]
[EventType "swiss"]
[EventRounds "9"]
[EventCountry "GER"]
[SourceTitle "CBM 124 Extra"]
[Source "ChessBase"]
[SourceDate "2008.07.03"]
[SourceVersion "1"]
[SourceVersionDate "2008.07.03"]
[SourceQuality "1"]

1. e4 e6 2. d4 d5 3. exd5 exd5 4. Bd3 Nc6 5. c3 Bd6 6. Nf3 Bg4 7. 0-0 Nge7 8. Re1 Qd7 9. Nbd2 0-0-0 10. Qc2 f6 11. b4 Rde8 12. a4 Bf5 13. Ba3 Bxd3 14. Qxd3 Ng6 15. Qc2 Nf4 16. Nf1 Nd8 17. Ng3 g6 18. Rxe8 Rxe8 19. Bc1 Qg4 20. Be3 Nde6 21. Re1 Kd7 22. Kf1 Nh5 23. Qe2 c6 24. b5 Nxg3+ 25. fxg3 Qf5 26. Kg1 Nc7 27. bxc6+ bxc6 28. Qd2 g5 29. Rf1 Qe4 30. Bf2 Qe2 31. Re1 Qc4 32. Rxe8 Nxe8 33. Qc2 Be7 34. Be3 Nd6 35. Qxh7 g4 36. Nh4 Qe2 37. h3 Qxe3+ 38. Kh2 Qe4 39. Qg8 gxh3 40. gxh3 Qe2+ 41. Ng2 Ne4 42. Qb8 Bd6 43. Qb7+ Bc7 0-1

[Event "Berlin Unicorn op"]
[Site "Berlin"]
[Date "2008.05.03"]
[Round "5"]
[White "Blomel, Christopher"]
[Black "Nekrasova, Kateryna"]
[Result "0-1"]
[WhiteElo "2025"]
[BlackElo "1784"]
[PlyCount "64"]
[EventDate "2008.04.30"]
[EventType "swiss"]
[EventRounds "7"]
[EventCountry "GER"]
[SourceTitle "CBM 124 Extra"]
[Source "ChessBase"]
[SourceDate "2008.07.03"]
[SourceVersion "1"]
[SourceVersionDate "2008.07.03"]
[SourceQuality "1"]

1. e4 c6 2. d4 d5 3. f3 dxe4 4. fxe4 Nf6 5. e5 Nd5 6. Nc3 Bf5 7. Bd3 Bxd3 8. cxd3 e6 9. Nf3 Nd7 10. 0-0 Be7 11. Ne4 0-0 12. Qe1 c5 13. Qg3 Kh8 14. Nfg5 Bxg5 15. Nxg5 Qe7 16. Qh4 h6 17. Rf3 f5 18. dxc5 Nxe5 19. Rh3 Ng4 20. b4 Kg8 21. a3 a5 22. Qe1 hxg5 23. Bxg5 Qxg5 24. Qxe6+ Rf7 25. Qxd5 axb4 26. c6 bxc6 27. Qxc6 Qd8 28. Qc4 Rxa3 29. Re1 Qa8 30. Qxb4 Ra1 31. Qc3 Qa7+ 32. d4 Qxd4+ 0-1

[Event "GER-ch U16 Girls"]
[Site "Willingen"]
[Date "2006.06.08"]
[Round "8"]
[White "Nekrasova, Kateryna"]
[Black "Dauer, Carolin"]
[Result "1/2-1/2"]
[WhiteElo "1502"]
[BlackElo "1572"]
[PlyCount "38"]
[EventDate "2006.06.03"]
[EventType "swiss"]
[EventRounds "9"]
[EventCountry "GER"]
[SourceTitle "EXT 2007"]
[Source "ChessBase"]
[SourceDate "2006.11.23"]
[SourceVersion "1"]
[SourceVersionDate "2006.11.23"]
[SourceQuality "1"]

1. e4 c6 2. d4 d5 3. Nc3 dxe4 4. Nxe4 Bf5 5. Ng3 Bg6 6. Nf3 e6 7. Bd3 Bxd3 8. Qxd3 Bd6 9. Ne4 Be7 10. 0-0 Nf6 11. Re1 Nbd7 12. c4 Qc7 13. Bd2 Rd8 14. Ng3 Nf8 15. Qe2 Ng6 16. Rac1 Qd6 17. Bc3 0-0 18. Rcd1 Qc7 19. Ne5 Rfe8 1/2-1/2

[Event "Berlin op 05"]
[Site "Berlin"]
[Date "2006.05.27"]
[Round "5"]
[White "Kuckel, Andreas"]
[Black "Nekrasova, Kateryna"]
[Result "1-0"]
[WhiteElo "1819"]
[BlackElo "1502"]
[PlyCount "63"]
[EventDate "2006.05.24"]
[EventType "swiss"]
[EventRounds "7"]
[EventCountry "GER"]
[SourceTitle "EXT 2007"]
[Source "ChessBase"]
[SourceDate "2006.11.23"]
[SourceVersion "1"]
[SourceVersionDate "2006.11.23"]
[SourceQuality "1"]

1. d4 d5 2. c4 e6 3. cxd5 exd5 4. Nc3 Bf5 5. Qb3 c6 6. Qxb7 Nd7 7. Qxc6 Bb4 8. Bg5 f6 9. Bd2 Ne7 10. Qa4 Qb6 11. e3 Rd8 12. Bb5 0-0 13. Qxb4 Rfe8 14. Qa4 Qb7 15. Nge2 Ng6 16. 0-0 Nb6 17. Qa6 Qxa6 18. Bxa6 Be4 19. Nxe4 Rxe4 20. Ng3 Re6 21. Bd3 Ne7 22. Rac1 Rc8 23. Nf5 Rxc1 24. Rxc1 Nxf5 25. Bxf5 Re7 26. b3 Kf7 27. Bb4 Rb7 28. Bd6 g6 29. Bd3 Ke6 30. Rc7 Rxc7 31. Bxc7 Nd7 32. f3 1-0

[Event "Berlin op 05"]
[Site "Berlin"]
[Date "2006.05.24"]
[Round "1"]
[White "Sondermann, Johannes"]
[Black "Nekrasova, Kateryna"]
[Result "1/2-1/2"]
[WhiteElo "2039"]
[BlackElo "1502"]
[PlyCount "102"]
[EventDate "2006.05.24"]
[EventType "swiss"]
[EventRounds "7"]
[EventCountry "GER"]
[SourceTitle "EXT 2007"]
[Source "ChessBase"]
[SourceDate "2006.11.23"]
[SourceVersion "1"]
[SourceVersionDate "2006.11.23"]
[SourceQuality "1"]

1. e4 c6 2. d4 d5 3. exd5 cxd5 4. c4 g6 5. cxd5 Qxd5 6. Nc3 Qd8 7. Bc4 Bg7 8. Qb3 e6 9. d5 exd5 10. Nxd5 Ne7 11. Bg5 Qa5+ 12. Bd2 Qd8 13. Bc3 0-0 14. Bf6 Qa5+ 15. Bc3 Bxc3+ 16. Nxc3 b6 17. Nf3 Bb7 18. 0-0-0 Qf5 19. Nd4 Qf4+ 20. Kb1 Bxg2 21. Rhe1 Nbc6 22. Nxc6 Nxc6 23. Nd5 Bxd5 24. Bxd5 Rac8 25. Qg3 Qxg3 26. fxg3 Rfd8 27. a3 Kf8 28. Ka2 Ne7 29. Bb3 Nf5 30. Bd5 Rc5 31. Be4 Rxd1 32. Rxd1 Ke7 33. Kb3 Re5 34. Bd3 Nd6 35. a4 f5 36. Kc3 Ne4+ 37. Kd4 Nf2 38. Kxe5 Nxd1 39. b3 Nf2 40. Bc4 Ng4+ 41. Kf4 Nxh2 42. Kg5 Ng4 43. Bg8 Nf6 44. Bxh7 Nxh7+ 45. Kxg6 Nf8+ 46. Kxf5 Kd6 47. g4 Ne6 48. b4 a5 49. bxa5 bxa5 50. g5 Nf8 51. Kf6 Nh7+ 1/2-1/2

[Event "GER-ch U16 Girls"]
[Site "Willingen"]
[Date "2005.05.19"]
[Round "8"]
[White "Nekrasova, Kateryna"]
[Black "Benzen, Marthe"]
[Result "1/2-1/2"]
[WhiteElo "1538"]
[BlackElo "1547"]
[PlyCount "144"]
[EventDate "2005.05.14"]
[EventType "swiss"]
[EventRounds "9"]
[EventCountry "GER"]
[SourceTitle "CBM 106 Extra"]
[Source "ChessBase"]
[SourceDate "2005.07.01"]
[SourceVersion "1"]
[SourceVersionDate "2005.07.01"]
[SourceQuality "1"]

1. d4 c5 2. e3 cxd4 3. exd4 g6 4. Bd3 Bg7 5. c3 d6 6. Nf3 Nc6 7. Be3 f5 8. 0-0 Nf6 9. Nbd2 0-0 10. Qb3+ Kh8 11. Ng5 d5 12. Bf4 h6 13. Ngf3 Ne4 14. h3 g5 15. Bh2 Nxd2 16. Nxd2 e5 17. dxe5 Bxe5 18. Bxe5+ Nxe5 19. Qc2 Qc7 20. Rae1 g4 21. f4 Nc6 22. Re3 Qb6 23. Rfe1 gxh3 24. gxh3 d4 25. cxd4 Qxd4 26. Qc3 Qxc3 27. bxc3 b6 28. Nf3 Bd7 29. Nh4 Rg8+ 30. Kf2 Raf8 31. Bb5 Rf6 32. Bxc6 Bxc6 33. Re6 Rxe6 34. Rxe6 Be4 35. Rxh6+ Kg7 36. Rg6+ Kf7 37. Rxg8 Kxg8 38. Nf3 Kg7 39. Ne5 Kh6 40. Kg3 Bd5 41. a3 b5 42. Nd7 Kg6 43. Kf2 Kf7 44. Ke3 Kg6 45. h4 Bb3 46. Ne5+ Kh5 47. Nf3 Bd1 48. Nd4 Kxh4 49. Nxf5+ Kg4 50. Nd6 a6 51. Ke4 Bc2+ 52. Ke5 Kf3 53. f5 Ke3 54. f6 Bg6 55. c4 bxc4 56. Nxc4+ Kd3 57. Nb6 Kc3 58. Kd6 Kb3 59. a4 Kb4 60. Kc7 Ka5 61. Kb7 Bh5 62. Nd5 Kxa4 63. Kxa6 Bf7 64. Nf4 Kb4 65. Kb6 Kc4 66. Kc6 Kd4 67. Kd6 Ke4 68. Ke7 Bg8 69. Kf8 Bc4 70. Ng6 Kf5 71. Kg7 Kg5 72. Ne7 Be6 1/2-1/2